| 000 | 00399nam a22001697a 4500 | ||
|---|---|---|---|
| 999 |
_c2406 _d2405 |
||
| 005 | 20210906113716.0 | ||
| 008 | 160611b xxu||||| |||| 00| 0 eng d | ||
| 020 | _a9788173711466 | ||
| 041 | _aeng | ||
| 082 | _b6914 | ||
| 100 |
_aKalam, APJ Abdul _91705 |
||
| 245 | _aWings of Fire | ||
| 260 |
_aHyderabad _bUniversities press _c1999 |
||
| 300 | _a178 | ||
| 650 |
_aManagement _9241 |
||
| 942 | _cBK | ||